000 00530nam a2200181 i 4500
001 16897
003 ES-MaACL
005 20230906151422.0
007 t|
008 001120q19501959fr ||||1| spa d
080 _a946.0"19"
100 1 _aMogrovejo, R.
_981792
245 1 0 _aHistoria de un crimen
_b: un reportaje sensacional /
_cpor R. Mogrovejo.
260 _aToulouse :
_bPáginas Libres,
_c[1950?]
300 _a39 p. ;
_c21 cm.
651 4 _aEspaña-
_xHistoria-
_yS.XX.
_9138832
852 _aES-MaACL
_j2158-F-22
_bR.126948
999 _c16897
_d16897